Normal view
MARC view
Entry Topical Term
001 - CONTROL NUMBER
- control field: 21924
003 - CONTROL NUMBER IDENTIFIER
- control field: ARRUPE
005 - DATE AND TIME OF LATEST TRANSACTION
- control field: 20160128151154.0
008 - FIXED-LENGTH DATA ELEMENTS
- fixed length control field: 160128|| aca||aabn | a|a d
040 ## - CATALOGING SOURCE
- Original cataloging agency: ARRUPE
- Transcribing agency: ARRUPE
150 ## - HEADING--TOPICAL TERM
- Topical term or geographic name as entry element: World War, 1914-1918
- General subdivision: Humor, caricatures, etc.
670 ## - SOURCE DATA FOUND
- Source citation: Work cat.: (ARRUPE)0: Graves, Charles L. (Charles Larcom), 1856-1944. 21923, Mr. Punch's history of the great war., 1919.